Lezioni di storia del diritto romano
Gespeichert in:
| 1. Verfasser: | |
|---|---|
| Format: | Buch |
| Sprache: | Italienisch |
| Veröffentlicht: |
Génova
CEDAM
1998
|
| Schlagworte: | |
| Tags: |
Tag hinzufügen
Keine Tags, Fügen Sie den ersten Tag hinzu!
|
MARC
| LEADER | 00000nam a2200000 a 4500 | ||
|---|---|---|---|
| 001 | UCO0619 | ||
| 003 | CL-VaPUC | ||
| 008 | 000420e19980000IT |||||||||||||||||ita|d | ||
| 082 | 0 | 4 | |a 340.54 |b DEM |2 21 |
| 100 | 0 | |a De Marini Avonzo, Franca |e author |9 441966 | |
| 245 | 1 | 0 | |a Lezioni di storia del diritto romano |
| 300 | |a 269 p | ||
| 942 | |c BK | ||
| 945 | |d 20000420 00:00:00 |a vberengu | ||
| 260 | |a Génova |b CEDAM |c 1998 | ||
| 650 | 0 | |a Derecho romano |9 255930 | |
| 650 | 0 | |a Derecho Romano Historia |9 257631 | |
| 650 | 0 | |a Derecho romano |x Jurisprudencia |9 436319 | |
| 583 | |a last modification |c 20000420 00:00:00 |k Rodrigo Vera | ||
| 999 | |c 287268 |d 287266 | ||
| 952 | |0 0 |1 0 |4 0 |6 340_540000000000000_DEM_1998 |7 0 |8 DER_ROM |9 333994 |a BIBDER |b BIBDER |d 2019-11-20 |i 3582612 |o 340.54 DEM 1998 |p 3582612 |r 2023-01-25 |w 2019-11-20 |x Ubicación 4to piso |y BK |z Este recurso debe solicitarse con anticipación |k DER | ||